Historia económica de Colombia (Registro nro. 8086)

Detalles MARC
000 -CABECERA
Longitud fija campo de control 01140nam a2200313Ia 4500
005 - • FECHA Y HORA DE LA ÚLTIMA TRANSACCIÓN
Fecha y hora de la última transacción 20220317001802.0
008 - • CÓDIGOS DE INFORMACIÓN DE LONGITUD FIJA
Códigos de información de longitud fija 170328s2015 c g 000 0 s
020 ## - • NÚMERO INTERNACIONAL NORMALIZADO PARA LIBROS
Número Internacional Normalizado para Libros (ISBN) 9789583802348
041 ## - • CÓDIGO DE LENGUA
Código de lengua del texto/banda sonora o título independiente spa
082 14 - • NÚMERO DE LA CLASIFICACIÓN DECIMAL DEWEY
Número de clasificación (R) 330.9861
Número del ítem H37
040 ## - FUENTE DE LA CATALOGACIÓN
Centro catalogador de origen CO-BoRNBP
Lengua de catalogación spa
Normas de descripción rda
Centro transcriptor CO-BoRNBP
245 00 - • TITULO PROPIAMENTE DICHO
Título Historia económica de Colombia
Mención de responsabilidad, etc. compilador José Antonio Ocampo Gaviria ; Germán Colmenares... [y otros nueve]
250 ## - • MENCIÓN DE EDICIÓN
Mención de edición 4a. edición
264 ## - PRODUCCIÓN, PUBLICACIÓN , DISTRIBUCIÓN, FABRICACIÓN Y COPYRIGHT
Lugar de producción, publicación, distribución, fabricación Bogotá
Nombre del productor, editor, distribuidor, fabricante Fondo de Cultura Económica
Fecha de de producción, publicación, distribución, fabricación o copyright 2015
300 ## - • DESCRIPCIÓN FÍSICA
Extensión 401 páginas
Dimensiones 23 cm
336 ## - TIPO DE CONTENIDO
Término de tipo de contenido texto
Código de tipo de contenido txt
Fuente rdacontent
337 ## - TIPO DE MEDIO
Nombre del tipo de medio sin mediación
Código del tipo de medio n
Fuente rdamedia
338 ## - TIPO DE SOPORTE
Nombre del tipo de soporte volumen
Código del tipo de soporte nc
Fuente rdacarrier
490 ## - • MENCIÓN DE SERIE
Mención de serie Sección de obras de economía
500 ## - • NOTA GENERAL
Nota general Incluye datos biográficos de los autores
500 ## - • NOTA GENERAL
Nota general Incluye índice de cuadros y gráficos
504 ## - • NOTA DE BIBLIOGRAFÍA, ETC
Nota de bibliografía, etc. Incluye bibliografía
650 14 - • PUNTO DE ACCESO ADICIONAL DE MATERIA - TÉRMINO DE MATERIA
Fuente del encabezamiento o término LEMB
Término de materia o nombre geográfico como elemento inicial Desarrollo económico
Subdivisión geográfica Colombia
650 14 - • PUNTO DE ACCESO ADICIONAL DE MATERIA - TÉRMINO DE MATERIA
Fuente del encabezamiento o término LEMB
Término de materia o nombre geográfico como elemento inicial Economía
Subdivisión de materia general Ensayos, conferencias, etc.
Subdivisión geográfica Colombia
650 14 - • PUNTO DE ACCESO ADICIONAL DE MATERIA - TÉRMINO DE MATERIA
Fuente del encabezamiento o término LEMB
Término de materia o nombre geográfico como elemento inicial Economía
Subdivisión de materia general Historia
Subdivisión geográfica Colombia
700 1# - • PUNTO DE ACCESO ADICIONAL - NOMBRE DE PERSONA
Nombre de persona Colmenares, Germán
Fechas asociadas al nombre 1938-
700 1# - • PUNTO DE ACCESO ADICIONAL - NOMBRE DE PERSONA
Nombre de persona Ocampo Gaviria, José Antonio
942 ## - ENTRADA DE ELEMENTOS AGREGADOS (KOHA)
Fuente de clasificaión o esquema Dewey Decimal Classification
Koha [por defecto] tipo de item LIbro

No hay ítems disponibles.










Instituto Departamental de Cultura del Meta - Red Departamental de Bibliotecas Públicas del Meta.